000
00344cam a2200145ua 4500
041
_a
eng
_h
082
_a
822
_b
SYN/PL
100
_a
Synge, John M .
245
_a
Plays /
_c
John M Synge.
_h
Textual Documents
260
_a
London :
_b
George Allen & Unwin Ltd ,
_c
1960.
300
_a
305 ; .
504
_a
942
_c
BK
999
_c
4213
_d
4213